The economics of irrigation / (Record no. 941)
[ view plain ]
| 000 -LEADER | |
|---|---|
| fixed length control field | 00866nam a22002537a 4500 |
| 001 - CONTROL NUMBER | |
| control field | BD-DhSAU 941 |
| 003 - CONTROL NUMBER IDENTIFIER | |
| control field | BD-DhSAU |
| 005 - DATE AND TIME OF LATEST TRANSACTION | |
| control field | 20150108005549.0 |
| 008 - FIXED-LENGTH DATA ELEMENTS--GENERAL INFORMATION | |
| fixed length control field | 150108b1981 - a|||| |||| 001 0 eng d |
| 020 ## - INTERNATIONAL STANDARD BOOK NUMBER | |
| International Standard Book Number | 0853234744 |
| 040 ## - CATALOGING SOURCE | |
| Original cataloging agency | BD-DhSAU |
| 082 ## - DEWEY DECIMAL CLASSIFICATION NUMBER | |
| Edition number | 22 |
| Classification number | 330 |
| Item number | CAT |
| 100 ## - MAIN ENTRY--PERSONAL NAME | |
| Personal name | Carruthers, Ian |
| 245 ## - TITLE STATEMENT | |
| Title | The economics of irrigation / |
| Statement of responsibility, etc. | Ian Carruthers & Clark Colin |
| 250 ## - EDITION STATEMENT | |
| Edition statement | 3rd ed., completely rev. and enl. |
| 260 ## - PUBLICATION, DISTRIBUTION, ETC. (IMPRINT) | |
| Place of publication, distribution, etc. | Great Britain : |
| Name of publisher, distributor, etc. | Liverpool university press. |
| Date of publication, distribution, etc. | 1905. |
| 300 ## - PHYSICAL DESCRIPTION | |
| Extent | xviii, 300 p. : |
| Other physical details | ill. ; |
| Dimensions | 23 cm. |
| 504 ## - BIBLIOGRAPHY, ETC. NOTE | |
| Bibliography, etc | Includes bibliographical index. |
| 590 ## - Name of Cataloguer | |
| Name of Cataloger | Md. Sirajul Islam. |
| 650 ## - SUBJECT ADDED ENTRY--TOPICAL TERM | |
| Topical term or geographic name as entry element | Irrigation-Economic aspects. |
| 650 ## - SUBJECT ADDED ENTRY--TOPICAL TERM | |
| Topical term or geographic name as entry element | Economics. |
| 700 ## - ADDED ENTRY--PERSONAL NAME | |
| Personal name | Clark, Colin |
| 856 ## - ELECTRONIC LOCATION AND ACCESS | |
| Uniform Resource Identifier | <a href="http://catalog.loc.gov/vwebv/holdingsInfo?searchId=11752&recCount=25&recPointer=15&bibId=764679">http://catalog.loc.gov/vwebv/holdingsInfo?searchId=11752&recCount=25&recPointer=15&bibId=764679</a> |
| 942 ## - ADDED ENTRY ELEMENTS (KOHA) | |
| Source of classification or shelving scheme | Dewey Decimal Classification |
| Koha item type | Book |
| Withdrawn status | Lost status | Source of classification or shelving scheme | Damaged status | Not for loan | Home library | Branch Name | Shelving location | Date acquired | Total Checkouts | Full call number | Barcode | Date last seen | Price effective from | Koha item type |
|---|---|---|---|---|---|---|---|---|---|---|---|---|---|---|
| Dewey Decimal Classification | SAU Library | SAU Library | General Stacks | 28/01/1989 | 330 CAT | 12386 | 08/01/2015 | 08/01/2015 | Book | |||||
| Dewey Decimal Classification | Not For Loan | SAU Library | SAU Library | Reference | 28/01/1989 | 330 CAT | 12385X | 20/05/2015 | 20/05/2015 | Book |
